Everything Patches: Soulsborne quiz - Statistics

General Stats
  • This quiz has been taken 41 times
    39 since last reset
  • The average score is 9 of 22
Answer Stats
Hint Answer % Correct
His title (And species) in Bloodborne Patches the Spider
81%
His title in Dark souls 3 Unbreakable Patches
71%
The only Soulsborne game he makes no appearance in Sekiro: Shadows die twice
67%
He Noticeably lacks any of this on his head and face, including on his eyebrows Hair
62%
Material his armour is quite consistently made of Leather
62%
He can be summoned for this boss in Elden Ring, only to immediately ditch you Starscourge Radahn
62%
His title in Dark Souls 1 Trusty Patches
62%
In DS3, he traps and steals the armour from this NPC Siegward of Catarina
57%
He has a strong disdain for this class type Cleric
52%
His title in Elden ring Patches the untethered
48%
He (technically) appears in Armored Core: For Answer under this name Patch the Good Luck
48%
Type of weapon he uses Spear
48%
He can be sent to save this NPC in Irithyll of the Boreal Valley (And Technically Lothric Castle) in DS3 Greirat of the Undead Settlement
38%
His Dark souls 2 counterpart Mild-mannered Pate
38%
He gets amnesia and goes by this name in the Ringed City DLC of DS3 Amnesiac Lapp
33%
His title in Demon's souls Patches the Hyena
29%
Heavy-Armoured NPC summon he sends you to invade and kill in Elden Ring Great Horned Tragoth
19%
He traps 3 people of this class in a hole in the Tomb of The Giants in DS1 (Name any) Reah, Nico and Vince of Thorolund
14%
He does the same to this heavily religious NPC in the ritual path of Demon's Souls Saint Urbain
14%
Technically, His first ever appearance (or at least his precursor) is in this 2003 PS2 game Shadow Tower Abyss
10%
The name of his Mech in Armored Core No Count
5%
His Voice actor throughout the Soulsborne games Will Vanderpuye
5%
No matching quizzes found
Score Distribution
Percent of People with Each Score
Percentile by Number Answered
Your Score History
You have not taken this quiz since the last reset